Statistics for Monarchs and their Descendants - Liechtenstein

Click here to take the quiz!

General Stats

  • This quiz has been taken 28 times
  • The average score is 7 of 21

Answer Stats

HintAnswer% Correct
MonarchHans-Adam II, Prince of Liechtenstein
100%
ChildrenAlois, Hereditary Prince and Regent of Liechtenstein
56%
Grandchildren (Alois)Prince Joseph Wenzel of Liechtenstein
56%
Grandchildren (Tatjana)Maximilian von Lattorff
44%
Grandchildren (Alois)Prince Georg of Liechtenstein
44%
ChildrenPrince Maximilian of Liechtenstein
44%
SpouseMarie, Princess of Liechtenstein
38%
Grandchildren (Maximilian)Prince Alfons of Liechtenstein
38%
ChildrenPrince Constantin of Liechtenstein
38%
ChildrenPrincess Tatjana of Liechtenstein
31%
Grandchildren (Alois)Prince Nikolaus of Liechtenstein
25%
Grandchildren (Tatjana)Anna von Lattorff
19%
Grandchildren (Tatjana)Baron Lukas von Lattorff[
19%
Grandchildren (Tatjana)Camilla von Lattorff
19%
Grandchildren (Tatjana)Elisabeth von Lattorff
19%
Grandchildren (Tatjana)Marie Teresa von Lattorff
19%
Grandchildren (Constantin)Prince Benedikt of Liechtenstein
19%
Grandchildren (Constantin)Prince Moritz of Liechtenstein
19%
Grandchildren (Constantin)Princess Georgina of Liechtenstein
19%
Grandchildren (Alois)Princess Marie Caroline of Liechtenstein
19%
Grandchildren (Tatjana)Sophie von Lattorff
19%

Score Distribution

Percentile by Number Answered

Percent of People with Each Score

Your Score History

You have not taken this quiz